banner koha

Efeito do esterco na emergência e crescimento inicial de plântulas de Sterculia foetida L. (Registro n. 258424)

MARC details
000 -LÍDER
campo de controle de tamanho fixo 01036nas a2200313 4500
001 - NÚMERO DE CONTROLE
campo de controle BR2020000780
003 - IDENTIFICADOR DO NÚMERO DE CONTROLE
campo de controle BR-BrBNA
005 - DATA E HORÁRIO DA ÚLTIMA TRANSAÇÃO
campo de controle 20231205132107.0
007 - CAMPO FIXO DE DESCRIÇÃO FÍSICA--INFORMAÇÃO GERAL
campo de controle de tamanho fixo ta
008 - CAMPO DE DADOS FIXOS--INFORMAÇÃO GERAL
campo de controle de tamanho fixo 230509b bl.|||p| |||| 00| 00por d
040 ## - FONTE DA CATALOGAÇÃO
Instituição da catalogação original BR-BrBNA
Idioma da catalogação por
Instituição que transcreveu o registro Biblioteca Nacional de Agricultura
041 ## - CÓDIGO DE IDIOMA
Código do idioma do texto/trilha sonora ou título diferente (Pt)
072 ## - CÓDIGO DE CATEGORIA DE ASSUNTO
Código de Categoria de Assunto F04
100 1# - ENTRADA PRINCIPAL--NOME PESSOAL
Nome pessoal Araújo, L.H.B. de
100 1# - ENTRADA PRINCIPAL--NOME PESSOAL
Nome pessoal Chagas, K.P.T. das
100 1# - ENTRADA PRINCIPAL--NOME PESSOAL
Nome pessoal Nóbrega, C.C. da
100 1# - ENTRADA PRINCIPAL--NOME PESSOAL
Nome pessoal Araújo, F. dos S.
100 1# - ENTRADA PRINCIPAL--NOME PESSOAL
Nome pessoal Vieira, F. de A.
245 1# - TÍTULO
Título Efeito do esterco na emergência e crescimento inicial de plântulas de Sterculia foetida L.
650 ## - ASSUNTO--TERMO TÓPICO
Cabeçalho tópico ou nome geográfico ADUBAÇÃO
650 ## - ASSUNTO--TERMO TÓPICO
Cabeçalho tópico ou nome geográfico BIOMETRIA
650 ## - ASSUNTO--TERMO TÓPICO
Cabeçalho tópico ou nome geográfico PRODUÇÃO
650 ## - ASSUNTO--TERMO TÓPICO
Cabeçalho tópico ou nome geográfico PLÂNTULA
773 0# - ENTRADA ANALÍTICA
Título Nativa. Pesquisas Agrárias e Ambientais (Brazil)
ISSN - International Standard Serial Number ISSN 2318-7670
Partes relacionadas (Jan-Mar 2015), v. 3(1) p. 22-26
Número de controle do registro BR2020000780
856 40 - LOCALIZAÇÃO ELETRÔNICA E ACESSO
Uniform Resource Identifier <a href="https://periodicoscientificos.ufmt.br/ojs/index.php/nativa/article/view/1901">https://periodicoscientificos.ufmt.br/ojs/index.php/nativa/article/view/1901</a>
856 40 - LOCALIZAÇÃO ELETRÔNICA E ACESSO
Caminho Link DSPACE/MAPA BR2020000780
909 ## -
-- 202311
-- Lúcia
-- 55
-- Lúcia Elande
942 ## - ELEMENTOS DE ENTRADA ADICIONADOS (KOHA)
Fonte da classificação ou esquema de arquivamento na estante Classificação AGRIS
Ocultar no OPAC Não
Tipo de material Koha Analítica
Exemplares
Situação do descarte Fonte da classificação ou esquema de arquivamento na estante Situação física Não pode ser emprestado Biblioteca de origem Biblioteca atual Localização na estante Enumeração do periódico / cronologia Total de empréstimos Data de último acesso Número do exemplar Tipo de material Koha Fonte de aquisição
  Classificação AGRIS   Consulta local Biblioteca Nacional de Agricultura - Binagri Biblioteca Nacional de Agricultura - Binagri   (Jan-Mar 2015), v. 3(1) p. 22-26   29/11/2023 01 Periódicos Portaria Interministerial nº 164/94

BINAGRI

Telefone: (61)3218-2567/2388/3357/2097 - binagri@agro.gov.br

Ministério da Agricultura e Pecuária , Esplanada dos Ministérios, Bloco D, Anexo B, Brasília/DF, CEP: 70.043-900